Stati degli Stati Uniti che confinano con l'Arkansas - Statistics

Statistiche generali
  • Questo quiz è stato fatto 14 volte
  • Il punteggio medio è 4 su 6
Statistiche sulle risposte
Stato % Corretto
Missouri
93%
Oklahoma
86%
Mississippi
79%
Texas
71%
Tennessee
64%
Lousiana
14%
Nessun quiz corrispondente trovato
Distribuzione punteggi
Percentuale di utenti per punteggio
Percentile per numero di risposta
I tuoi punteggi nel tempo
Non hai fatto questo quiz